| 000 | 01831nam a2200493 a 4500 | ||
|---|---|---|---|
| 001 | 21097 | ||
| 003 | VRT | ||
| 005 | 20260213134002.0 | ||
| 008 | 210624s1965 xo 000 slo | ||
| 015 | _aSKSNBA1965/08-02041 | ||
| 035 | _aSK01SNK19650022618 | ||
| 035 | _aSKM000025081 | ||
| 039 | 9 |
_a202106241109 _bVLOAD _c202105141213 _dVLOAD _c202105101807 _dAUTHORITY _c201811280913 _dVLOAD |
|
| 040 |
_aSNK _bslo _cSNK _dKURUK _eAACR2 |
||
| 041 | 1 |
_aslo _heng |
|
| 044 |
_axo _cSK |
||
| 072 | 7 |
_a821.111-3 _xAnglická próza, anglicky písaná _2konspekt |
|
| 080 |
_a820-3 _21981 |
||
| 080 |
_a821.111-31 _22001 |
||
| 080 |
_a(0:82-311.6) _22001 |
||
| 100 | 1 |
_aScott, Walter, _d1771-1832 _4aut |
|
| 245 | 1 | 0 |
_aKenilworth _cWalter Scott ; z angl. orig. Kenilworth prel., doslov, pozn. a vysvetl. nap. Jozef Šimo ; prebás. Viliam Turčány |
| 260 |
_aBratislava _bSVKL _c1965 _eMartin _fTlačiarne SNP |
||
| 300 |
_a430, [2] s. _c8° |
||
| 366 | _a15 000 výtl. | ||
| 490 | 1 |
_aHviezdoslavova knižnica _vzv. 112. Svetový rad. zv. 42 |
|
| 500 | _aPozn. Frontispice | ||
| 655 | 7 |
_aumelecká literatúra _2SNKPH |
|
| 655 | 7 |
_aanglické romány _2SNKPH |
|
| 655 | 7 |
_ahistorické romány _2SNKPH |
|
| 700 | 1 |
_aŠimo, Jozef, _d1909-1984 _4trl _4aui |
|
| 700 | 1 |
_aTurčány, Viliam, _d1928-2021 _4trl |
|
| 830 | 0 | _aHviezdoslavova knižnica | |
| 910 | _akis3gmm | ||
| 910 | _abpksh | ||
| 910 | _akuruk | ||
| 942 |
_2ddc _cKLDO _n0 |
||
| 949 |
_63869A09497 _abpksh820-31 _bbpksh23077 |
||
| 949 |
_63830001044325 _akurukT1/SCOT1-5 _bkuruk2010/F4242 _oDarca: p. Oľga Homolayová |
||
| 949 |
_6273K0342870 _asvkpoA 58293 _bsvkpo135145 |
||
| 949 |
_63869A09496 _abpksh820-31 _bbpksh28686 |
||
| 999 |
_c21097 _d21097 |
||